书目信息 |
| 题名: |
喷灌与微灌水肥高效安全利用原理
|
|
| 作者: | 李久生 , 栗岩峰 , 赵伟霞 著 | |
| 分册: | ||
| 出版信息: | 北京 中国农业出版社 2015 |
|
| 页数: | 485页 | |
| 开本: | 26cm | |
| 丛书名: | ||
| 单 册: | ||
| 中图分类: | S275.5 , S365 | |
| 科图分类: | ||
| 主题词: | 喷灌--肥水管理 | |
| 电子资源: | ||
| ISBN: | 978-7-109-20142-2 | |
| 000 | 01285nam0 2200277 450 | |
| 001 | 012015000063 | |
| 005 | 20151130093655.23 | |
| 010 | @a978-7-109-20142-2@b精装@dCNY120.00 | |
| 100 | @a20150920d2015 em y0chiy50 ea | |
| 101 | 0 | @achi |
| 102 | @aCN@b110000 | |
| 105 | @ay z 000yy | |
| 106 | @ar | |
| 200 | 1 | @a喷灌与微灌水肥高效安全利用原理@Apen guan yu wei guan shui fei gao xiao an quan li yong yuan li@dEfficient and safe utilization of water and nitrogen under sprinkler and microirrigation@zeng@f李久生,栗岩峰,赵伟霞等著 |
| 210 | @a北京@c中国农业出版社@d2015 | |
| 215 | @a485页@d26cm | |
| 330 | @a本书从多个方面介绍了我国近年来在精量灌溉水肥调控科研与安全利用上所取得的成就。本着有参考性和实用性的原则,通过搜集大量的资料,首先对精量灌溉水肥调控原理做了比较全面深入的阐述;重点对精量灌溉水肥调控技术及在生产上安全利用作了详细的介绍,可以帮助读者更加充分地认识精量灌溉水肥调控与安全利用技术。 | |
| 510 | 1 | @aEfficient and safe utilization of water and nitrogen under sprinkler and microirrigation@zeng |
| 606 | 0 | @a喷灌@x肥水管理 |
| 690 | @aS275.5@v5 | |
| 690 | @aS365@v5 | |
| 701 | 0 | @a李久生@Ali jiu sheng@4著 |
| 701 | 0 | @a栗岩峰@Ali yan feng@4著 |
| 701 | 0 | @a赵伟霞@Azhao wei xia@4著 |
| 801 | 0 | @aCN@b碧洲教育@c20151127 |
| 905 | @a10447@f2@dS275.5@e51 | |
| 喷灌与微灌水肥高效安全利用原理=Efficient and safe utilization of water and nitrogen under sprinkler and microirrigation/李久生,栗岩峰,赵伟霞等著.-北京:中国农业出版社,2015 |
| 485页;26cm |
| ISBN 978-7-109-20142-2(精装):CNY120.00 |
| 本书从多个方面介绍了我国近年来在精量灌溉水肥调控科研与安全利用上所取得的成就。本着有参考性和实用性的原则,通过搜集大量的资料,首先对精量灌溉水肥调控原理做了比较全面深入的阐述;重点对精量灌溉水肥调控技术及在生产上安全利用作了详细的介绍,可以帮助读者更加充分地认识精量灌溉水肥调控与安全利用技术。 |
| ● |
| 相关链接 |
|
|
|
|
正题名:喷灌与微灌水肥高效安全利用原理
索取号:S275.5/51
 
预约/预借
| 序号 | 登录号 | 条形码 | 馆藏地/架位号 | 状态 | 备注 |
| 1 | 0871425 | 208714257 | 第二样本阅览室/ [索取号:S275.5/51] | 在馆 | |
| 2 | 0871426 | 208714266 | 第三借阅区/ [索取号:S275.5/51] | 在馆 |